Estadística para economistas

Salvato in:
Dettagli Bibliografici
Autore principale: Allen, R. G. D (Autore)
Natura: Libro
Lingua:spagnolo
Pubblicazione: Barcelona Juventud 1954
Soggetti:
Tags: Aggiungi Tag
Nessun Tag, puoi essere il primo ad aggiungerne!!

MARC

LEADER 00000nam a2200000 a 4500
001 UCY7602
003 CL-VaPUC
008 950616e19540300SP |||||||||||||||||spa|d
082 0 4 |a 519.5  |b ALL  |2 21 
100 0 |a Allen, R. G. D  |e author  |9 338200 
245 1 0 |a Estadística para economistas 
300 |a 200 p 
942 |c BK 
945 |d 19950616 00:00:00  |a mfernand 
260 |a Barcelona  |b Juventud  |c 1954 
650 0 |a Estadística   |9 259535 
650 0 |a Datos estadísticos  |9 329380 
650 0 |a Estadística matemática  |9 260028 
650 0 |a Métodos estadísticos   |9 259407 
650 0 |a Análisis estadístico  |9 269506 
650 7 |a CORRELACION  |2 CL-VaPUC  |9 338201 
583 |a last modification  |c 19950616 00:00:00  |k Rodrigo Vera 
999 |c 234938  |d 234936 
952 |0 0  |1 0  |4 0  |6 519_500000000000000_ALL_1954  |7 0  |8 P  |9 241950  |a BIBEDU  |b BIBEDU  |c BIBEDU_PB  |d 2019-11-18  |i 1520377  |o 519.5 ALL 1954  |p 1520377  |r 2024-01-25  |w 2019-11-18  |y BK  |k EDU